000 00751nab a22002297a 4500
001 13292
003 HDC
007 cr bn ---aaaaa
008 210128c99990528my ||||o |||| 00| 00may d
040 _aHDC
245 0 _aSebaran Maklumat Palsu Laman Sosial Boleh Runtuhkan Rantaian Industri Halal - JAKIM
336 _atext
_2rdacontent
337 _acomputer
_2rdamedia
338 _aonline resource
_2rdacarrier
650 _aHalal food industry
_9128
650 _aMedia social
_914062
710 _aBernama
856 _zRequest full-text at [email protected]
942 _2lcc
942 _cNEWS
942 _kNWSO 003014
999 _c10608
_d10608